Naše zahraničí. Roč. 11, 1931

Bibliographic Details
Format: Book
Language:Undetermined
Published: Praha Národní rada československá 1931

MARC

LEADER 00000nam a2200000 a 4500
001 vtls001281100
003 SK-MaSNL
005 20260224105405.0
008 970325s1931 xx 0 und
035 |a SNK000232500 
040 |a SNK  |b slo  |c SNK  |e AACR2 
245 1 |a Naše zahraničí. Roč. 11, 1931 
260 |a Praha  |b Národní rada československá  |c 1931 
999 |c 972008  |d 973938 
952 |a SNK  |b SNK  |y PREZ  |7 0  |p 17A0055700  |o snkČC 206/11/1931  |0 0  |1 1  |4 0  |d 1997-03-25  |l 0  |r 2005-01-02 00:00:00  |w 2026-02-24